| 000 | 00571nam a2200205 i 4500 | ||
|---|---|---|---|
| 001 | 105929 | ||
| 003 | ES-MaACL | ||
| 007 | t| | ||
| 008 | 060913s1971 fr ||||1| fre d | ||
| 080 | _a159.9 | ||
| 245 | 0 | 0 | _aPsychologie et marxisme. |
| 260 |
_aParis : _bUnion Générale d'Editions, _c[1971] |
||
| 300 |
_a256 p. ; _c19 cm. |
||
| 490 | 1 |
_amonde en 10/18 ; _v605 |
|
| 500 | _aBiblioteca Juan Andrade. | ||
| 650 | 1 | 7 |
_aPsicología _2embne _916540 |
| 830 | 0 |
_amonde en 10/18 ; _v605 _9177593 |
|
| 852 |
_aES-MaACL _jAND-889 _bR.110177 |
||
| 999 |
_c105929 _d105929 |
||